• 首页
  • 本馆介绍
  • 公告通知
  • 最新文献
  • 馆藏检索
  • 电子资源
  • 读者导购
  • 参考咨询
  • 我的图书馆
  • 登录
  • 详细信息显示
  • 放入我的书架
  • 预约/预借图书
  • 作者相关作品
  • 分类相关作品
  • 丛书相关作品
  • 出版社相关作品

书目信息

  • 表格格式
  • 工作单格式
  • 卡片格式
题名:
经济学教程
    
 
作者: 刘伟 主编
分册:  
出版信息: 北京   北京大学出版社  2012
页数: 429页
开本: 23cm
丛书名:
单 册:
中图分类: F123.2
科图分类:
主题词: 经济分析--中国--高等学校--教材 , 经济分析
电子资源:
ISBN: 978-7-301-20541-9
000 00981nam0 2200289 450
001 523
005 20140908151735.10
010    @a978-7-301-20541-9@dCNY48.00
100    @a20120615d2012 em y0chiy50 ea
101 0  @achi
102    @aCN@b110000
105    @ay z 000yy
106    @ar
200 1  @a经济学教程@AJing Ji Xue Jiao Cheng@dEconomics@e中国经济分析@EZhong Guo Jing Ji Fen Xi@f刘伟主编@FLiu Wei Zhu Bian@zeng
205    @a2版
210    @a北京@c北京大学出版社@d2012
215    @a429页@d23cm
300    @a北京大学经济学教材系列 北京市高等教育精品教材立项项目
330    @a本书内容包括:经济学与价值论、企业产权与市场机制、经济结构与经济发展、经济增长与宏观调控。
510 1  @aEconomics@zeng
517 1  @a中国经济分析@AZhong Guo Jing Ji Fen Xi
606 0  @a经济分析@y中国@x高等学校@j教材
606 0  @a经济分析
690    @aF123.2@v5
701  0 @a刘伟@ALiu Wei@f(1957.1~)@4主编
801  0 @aCN@bTANGWEI@c20140603
905    @b0841436-38@dF123.2@e248=2@f3
    
    经济学教程=Economics:中国经济分析/刘伟主编.-2版.-北京:北京大学出版社,2012
    429页;23cm
    北京大学经济学教材系列 北京市高等教育精品教材立项项目
    
    ISBN 978-7-301-20541-9:CNY48.00
    本书内容包括:经济学与价值论、企业产权与市场机制、经济结构与经济发展、经济增长与宏观调控。
●
相关链接 在E读中查询图书 在五车中查询图书 在当当中查询图书 在豆瓣中查询图书


正题名:经济学教程     索取号:F123.2/248=2         预约/预借

序号 登录号 条形码 馆藏地/架位号 状态 备注
1 0841436   208414367   第一样本阅览室/ [索取号:F123.2/248=2] 在馆    
2 0841437   208414376   经管系资料室/ [索取号:F123.2/248=2] 在馆    
3 0841438   208414385   第一借阅区/ [索取号:F123.2/248=2] 在馆    
唐山师范学院图书馆 欢迎您!
大连网信软件有限公司© 版权所有